00390nam a2200157Ia 4500001000500000005001700005008004100022041000800063082002600071100002500097245007200122260000900194300001300203650000800216654000800224109420260306140606.0260306t2010||||xx |||||||||||||| ||spa|| aESP a180bR31H 2010 T. 3.1 aReale, GiovannieAUT 0aHistoria de la filosofía III:bdel romanticismo a nuestros días c2010 ac26 cm. aGEN aCHU